| 000 | 00599nam a2200241 a 4500 | ||
|---|---|---|---|
| 999 |
_c9069 _d9069 |
||
| 001 | 9069 | ||
| 003 | BD-JhCC | ||
| 005 | 20180308131822.0 | ||
| 008 | 180308r19572004I a|||| |||| 000 0 eng d | ||
| 020 | _a8121904668 | ||
| 035 | _a(BD-JhCC)9069 | ||
| 040 |
_aBD-JhCC _dBD-JhCC |
||
| 041 | _aeng | ||
| 082 |
_216 _a530 _bARO 2004 |
||
| 100 | _aArora, C.L | ||
| 245 |
_aRefresher course in B.Sc. Physics / _cC.L, Arora |
||
| 250 | _a16 | ||
| 260 |
_aIndia _bS. Chand and Copany ltd _c2004 |
||
| 300 |
_a384 p.: _bill. ; _c25 cm. |
||
| 650 | _aPhysics | ||
| 942 |
_2ddc _cBK |
||